Valuing The Earth (Record no. 3960)

MARC details
000 -LEADER
fixed length control field 00313nam a22001337a 4500
008 - FIXED-LENGTH DATA ELEMENTS--GENERAL INFORMATION
fixed length control field 250625b |||||||| |||| 00| 0 eng d
020 ## - INTERNATIONAL STANDARD BOOK NUMBER
ISBN 026041332
100 ## - MAIN ENTRY--AUTHOR
Author DALY Herman E.
245 ## - TITLE STATEMENT
Title Valuing The Earth
260 ## - PUBLICATION, DISTRIBUTION, ETC. (IMPRINT)
Place of publication U. S. A
Name of publisher The Mit Press
Date of publication 1994
300 ## - COLLATION
Pagination 387P.
942 ## - ADDED ENTRY ELEMENTS (KOHA)
Item type Books
050 ## - LIBRARY OF CONGRESS CALL NUMBER
Classification number HD 75.6
Item number .V35
Holdings
Source of classification or shelving scheme Not for loan Permanent location Current location Date acquired Accession No. Full call number Barcode. Koha item type
Library of Congress Classification   Samuel Ogbemudia Main Library, University of Abuja Samuel Ogbemudia Main Library, University of Abuja 06/25/2025 2006-31660 HD75.6.V35 2025-2665 Books